000 01584nam a22004457a 4500
003 CHAP
005 20220817044541.0
008 110331s2008 it a rn 00010 spa d
010 _a103946
011 _a104918
035 _a115608
040 _cCHAP
082 0 4 _a338.1731
_bF21f
110 2 _aFAO
245 1 0 _aPerspectives de l'alimentation :
_bprésentation du systeme analyse des marchés mondiaux
_c/por FAO
260 _aRoma :
_bFAO,
_c2010-
300 _av. :
_bilus., gráfs., cuadros
505 0 _aLa biblioteca tiene : (2011 nov.)
590 _aBATCH-UPD
_b10
_c20130110
_lUCH01
_h0258
590 _aBATCH-UPD
_b10
_c20130110
_lUCH01
_h0318
590 _aBATCH-UPD
_b10
_c20130110
_lUCH01
_h0328
590 _aBATCH-UPD
_b10
_c20130110
_lUCH01
_h0332
590 _aBATCH-UPD
_b10
_c20130110
_lUCH01
_h0353
590 _aBATCH-UPD
_b10
_c20130110
_lUCH01
_h0353
590 _aBATCH-UPD
_b10
_c20130409
_lUCH01
_h2236
590 _aBATCH-UPD
_b10
_c20130409
_lUCH01
_h2241
590 _aBATCH-UPD
_b10
_c20130913
_lUCH01
_h1823
590 _aBATCH-UPD
_b10
_c20130913
_lUCH01
_h2040
590 _aCONVERSION
_b10
_c20130109
_lUCH01
_h1357
650 4 _aAgricultura
_xFinanzas.
_91486
650 4 _aCereales
_xMercadeo.
_921435
650 4 _aComercio.
_925557
650 4 _aLabranza
_xPublicaciones periódicas.
_964306
650 4 _aMercados.
_974925
650 4 _aProductos agrícolas
_xMercadeo.
_991951
650 4 _aProductos pecuarios.
_992156
901 _aBK
942 _cLIBRO
949 _a338.1731 F21f
_bBC
_cFAO
_d33724002347347
_eFAO1
_f2011 nov.
_gDonaciØn
_h117369
_i115608
_sb
999 _c103946
_d103946